| 000 -CABECERA |
| Longitud fija campo de control |
01055nam a2200313 a 4500 |
| 001 - NÚMERO DE CONTROL |
| Número de control |
991016051159706706 |
| 003 - IDENTIFICADOR DEL NÚMERO DE CONTROL |
| Identificador del número de control |
OSt |
| 005 - FECHA Y HORA DE LA ÚLTIMA TRANSACCIÓN |
| Fecha y hora de la última transacción |
20211202122341.0 |
| 008 - CÓDIGOS DE INFORMACIÓN DE LONGITUD FIJA |
| Códigos de información de longitud fija |
040525s1966 spco || 000 ||spa |
| 017 ## - NÚMERO DE COPYRIGHT O DE DEPÓSITO LEGAL |
| Número de copyright o de depósito legal |
DL B. 34156-1966 |
| Agencia que asigna el número |
Biblioteca de Catalunya |
| 035 ## - NÚMERO DE CONTROL DEL SISTEMA |
| Número de control del sistema |
(ES-BaCBU)b13970859-34csuc_network |
| 035 ## - NÚMERO DE CONTROL DEL SISTEMA |
| Número de control del sistema |
(ES-BaCBU).b13970859 |
| 035 ## - NÚMERO DE CONTROL DEL SISTEMA |
| Número de control del sistema |
(ccuc001)b13970859 |
| 035 ## - NÚMERO DE CONTROL DEL SISTEMA |
| Número de control del sistema |
(OCoLC)802715666 |
| 040 ## - FUENTE DE LA CATALOGACIÓN |
| Centro catalogador de origen |
ES-BaBC |
| Lengua de catalogación |
cat |
| Centro transcriptor |
CDMR |
| 043 ## - CÓDIGO DE ÁREA GEOGRÁFICA |
| Código de área geográfica |
e-ur--- |
| 080 ## - NÚMERO DE LA CLASIFICACIÓN DECIMAL UNIVERSAL |
| Número de la Clasificación Decimal Universal |
910.4(47+57) |
| 090 ## - CAMPOS LOCALES |
| Número de clasificación (OCLC) ; Número de clasificación,LLAMADA (RLIN) |
DK28 |
| Signatura local (OCLC) ; Signatura sin dividir, número de libro, CALL (RLIN) |
.A75 1966 |
| 100 1# - PUNTO DE ACCESO PRINCIPAL-NOMBRE DE PERSONA |
| Nombre de persona |
Arco, Manuel del |
| 9 (RLIN) |
41 |
| 245 10 - MENCIÓN DE TÍTULO |
| Título |
Rusia es otra cosa : |
| Resto del título |
(la U.R.S.S., entrevista por un periodista) / |
| Mención de responsabilidad, etc. |
Del Arco |
| 260 ## - PUBLICACIÓN, DISTRIBUCIÓN, ETC. (PIE DE IMPRENTA) |
| Lugar de publicación, distribución, etc. |
Barcelona : |
| Nombre del editor, distribuidor, etc. |
AHR, |
| Fecha de publicación, distribución, etc. |
cop. 1966 |
| 300 ## - DESCRIPCIÓN FÍSICA |
| Extensión |
147 p., [16] f. de làm. : |
| Otras características físicas |
il., fot. ; |
| Dimensiones |
25 cm |
| 651 #7 - PUNTO DE ACCESO ADICIONAL DE MATERIA - NOMBRE GEOGRÁFICO |
| Nombre geográfico |
Unió Soviètica |
| Subdivisión de materia general |
Reportatges literaris |
| Fuente del encabezamiento o término |
lemac |
| 651 #7 - PUNTO DE ACCESO ADICIONAL DE MATERIA - NOMBRE GEOGRÁFICO |
| Nombre geográfico |
Unió Soviètica |
| Subdivisión de materia general |
Condicions socials |
| Subdivisión cronológica |
1966 |
| Fuente del encabezamiento o término |
lemac |
| 907 ## - ELEMENTO G DATOS LOCALES, GDL (RLIN) |
| a |
.b13970859 |
| b |
17-06-21 |
| c |
07-05-08 |
| d |
07-05-08 |
| e |
m |
| f |
a |
| g |
- |
| h |
spa |
| i |
spc |
| j |
0 |
| k |
4 |
| 908 ## - CONTROL DE PARÁMETROS (RLIN) |
| Parametro de comando lanzado |
BAB |
| -- |
BC |
| -- |
UB |
| -- |
UPF |
| -- |
GEPA |
| -- |
ICGC |
| 940 ## - |
| T&íacute;tulo uniforme |
<a href="BC">BC</a> |
| 942 ## - ENTRADA DE ELEMENTOS AGREGADOS (KOHA) |
| Fuente de clasificaión o esquema |
|
| Koha [por defecto] tipo de item |
Monografies |